000 01545nam a2200337 a 4500
001 BRCA_2906
005 20190320204025.0
008 111208c1869----gw-a---###---#000-0#ger-u
041 _ager
044 _agw
084 _a291
_b.S23
_c1869
100 1 _aCervantes Saavedra, Miguel de
_d1547-1616
_9213
245 1 0 _aLeben und Thaten des scharfsinnigen Edlen Don Quixote
_cvon Miguel de Cervantes Saavedra.
260 _aBelin
_bA. Sacco Nachfolger und L. W. Schmidt
_c1869
300 _a2 v.
_bil.
_c35 cm
500 _aContenido : v 1. Primera parte. Prólogo de Cervantes. Texto. -- v 2. Segunda parte. Prólogo del autor. Texto
500 _aEdición : Weberstezt von Ludwig Tieck. Mit illustrationen von Gustavo Doré
500 _aMagnífica edición de la traducción de L. Tieck, impresa con hermosos tipos y adornada con os dibujos de Gusvo Doré. Tela; lomeras y cubiertas decoradas con adornos dorados Lúdovik Osterc
500 _aIncluye índice : de ilustraciones al principio de cada volúmen
500 _aQM525A
546 _aTexto en : alemán
650 1 4 _aNovela española
_yÉpoca clásica, 1500-1700
_9215
650 1 4 _aLiteratura española
_yÉpoca clásica, 1500-1700
_9216
650 1 4 _aNovela española
_ySiglo XVII
_9217
650 1 4 _aDon Quijote (Personaje ficticio)
_eNovela
_9218
700 1 _aDoré, Paul Gustave
_d1832-1883
_eIlustrador
_98087
700 1 _aTieck, Johann Ludwig
_d1773-1853
_eTraductor
_98088
740 0 _aEl Ingenioso Hidalgo Don Quijote de la Mancha
902 _aQFM
942 _2lcc
_cB
999 _c2645
_d2645